Nations as Zones of Conflict (Record no. 247676)

000 -LEADER
fixed length control field 00235 a2200109 4500
001 - CONTROL NUMBER
control field 12603
090 ## - LOCALLY ASSIGNED LC-TYPE CALL NUMBER (OCLC); LOCAL CALL NUMBER (RLIN)
-- 9613
-- 9613
100 ## - MAIN ENTRY--PERSONAL NAME
Personal name Hutchinson,J
245 ## - TITLE STATEMENT
Title Nations as Zones of Conflict
260 ## - PUBLICATION, DISTRIBUTION, ETC.
Place of publication, distribution, etc. LONDON
Name of publisher, distributor, etc. Lucem
Date of publication, distribution, etc. 2005
300 ## - PHYSICAL DESCRIPTION
Extent viii, 213 p.
942 ## - ADDED ENTRY ELEMENTS (KOHA)
Institution code [OBSOLETE] NUST-CAE
Holdings
Withdrawn status Lost status Damaged status Not for loan Collection code Permanent Location Current Location Date acquired Total Checkouts Barcode Date last seen Price effective from Koha item type
          College of Aeronautical Engineering (CAE) College of Aeronautical Engineering (CAE) 04/03/2017   CAEN-3638 04/05/2017 04/05/2017 Book
© 2023 Central Library, National University of Sciences and Technology. All Rights Reserved.